| Tag |
First Indicator |
Second Indicator |
Subfields |
| LEADER |
00000cam a2200000 a 4500 |
| 001 |
in00000013174 |
| 005 |
20151007052336.0 |
| 008 |
870220s1987 nyuac b 00110 eng |
| 010 |
|
|
|a 87004661
|
| 020 |
|
|
|a 0312008570 :
|c $45.00
|
| 035 |
|
|
|a (OCoLC)15284946
|
| 035 |
|
|
|9 AAA7388AM
|
| 040 |
|
|
|a DLC
|c DLC
|d TXA
|d UtOrBLW
|
| 043 |
|
|
|a f-sa---
|
| 049 |
|
|
|a TXAM
|c [A11463111]
|
| 050 |
0 |
0 |
|a DT764.C6
|b L48 1987
|
| 082 |
0 |
|
|a 323.1/196/068
|2 19
|
| 100 |
1 |
|
|a Lewis, Gavin,
|d 1954-
|
| 245 |
1 |
0 |
|a Between the wire and the wall :
|b a history of South African "coloured" politics /
|c Gavin Lewis.
|
| 264 |
|
1 |
|a New Yorkp :
|b St. Martin's Press,
|c 1987.
|
| 300 |
|
|
|a 339 pages :
|b illustrations, portraits ;
|c 22 cm.
|
| 336 |
|
|
|a text
|b txt
|2 rdacontent
|
| 337 |
|
|
|a unmediated
|b n
|2 rdamedia
|
| 338 |
|
|
|a volume
|b nc
|2 rdacarrier
|
| 504 |
|
|
|a Bibliography: pages [287]-333.
|
| 500 |
|
|
|a Includes index.
|
| 650 |
|
0 |
|a Colored people (South Africa)
|x Politics and government.
|
| 651 |
|
0 |
|a South Africa
|x Politics and government
|y 20th century.
|
| 999 |
|
|
|a MARS
|
| 999 |
f |
f |
|s f81d34c1-3398-3899-84d9-355753196ea6
|i c6a76d4f-82ef-3494-a0bf-2bfca4ca557b
|t 0
|
| 952 |
f |
f |
|p ric
|a Texas A&M University
|b Rellis Campus
|c Joint Library Facility
|d Remote Storage
|t 0
|e DT764.C6 L48 1987
|h Library of Congress classification
|i unmediated -- volume
|m A14811463111
|
| 998 |
f |
f |
|a DT764.C6 L48 1987
|t 0
|l Remote Storage
|